000 01416nam a2200349Ia 4500
001 ebr10373295
003 CaPaEBR
006 m u
007 cr cn|||||||||
008 090209s2010 nyu sb 001 0beng d
010 _z 2009005796
020 _z9781441109682 (hardcover : alk. paper)
020 _z1441109684 (hardcover : alk. paper)
040 _aCaPaEBR
_cCaPaEBR
035 _a(OCoLC)607554801
050 1 4 _aJC573.2.U6
_bA87 2010eb
100 1 _aAbrams, Nathan.
245 1 0 _aNorman Podhoretz and Commentary Magazine
_h[electronic resource] :
_bthe rise and fall of the neocons /
_cNathan Abrams.
260 _aNew York :
_bContinuum,
_cc2010.
300 _avii, 367 p.
504 _aIncludes bibliographical references and index.
533 _aElectronic reproduction.
_bPalo Alto, Calif. :
_cebrary,
_d2010.
_nAvailable via World Wide Web.
_nAccess may be limited to ebrary affiliated libraries.
600 1 0 _aPodhoretz, Norman.
630 0 0 _aCommentary (New York, N.Y.)
650 0 _aConservatives
_zUnited States
_vBiography.
650 0 _aConservatism
_zUnited States.
650 0 _aEditors
_zUnited States
_vBiography.
650 0 _aIntellectuals
_zUnited States
_vBiography.
655 7 _aElectronic books.
_2local
710 2 _aebrary, Inc.
856 4 0 _uhttp://site.ebrary.com/lib/rucke/Doc?id=10373295
_zAn electronic book accessible through the World Wide Web; click to view
999 _c99584
_d99584